ARRUPE JESUIT UNIVERSITY

CORONAVIRUS -STOP THE SPREAD - CLEAN,DISINFECT,COVER

Criminal law (Record no. 60766)

MARC details
000 -LEADER
fixed length control field 00486nam a2200217Ia 4500
003 - CONTROL NUMBER IDENTIFIER
control field 0100
008 - FIXED-LENGTH DATA ELEMENTS--GENERAL INFORMATION
fixed length control field 130303s9999 xx 000 0 und d
020 ## - INTERNATIONAL STANDARD BOOK NUMBER
International Standard Book Number 0409056278
040 ## - CATALOGING SOURCE
Transcribing agency ARRUPELIB
050 ## - LIBRARY OF CONGRESS CALL NUMBER
Classification number KTL3800.S68 2002
300 ## - PHYSICAL DESCRIPTION
Other physical details 24cm
100 ## - MAIN ENTRY--PERSONAL NAME
Personal name Snyman, Cr
245 ## - TITLE STATEMENT
Title Criminal law
250 ## - EDITION STATEMENT
Edition statement 4th.ed.
260 ## - PUBLICATION, DISTRIBUTION, ETC. (IMPRINT)
Place of publication, distribution, etc Durban
260 ## - PUBLICATION, DISTRIBUTION, ETC. (IMPRINT)
Name of publisher, distributor, etc LexisNexis Butterworths
260 ## - PUBLICATION, DISTRIBUTION, ETC. (IMPRINT)
-- 2002
300 ## - PHYSICAL DESCRIPTION
Extent 616p.
650 ## - SUBJECT ADDED ENTRY--TOPICAL TERM
Topical term following geographic name as entry element Aesthetics-Encyclopedias
942 ## - ADDED ENTRY ELEMENTS (KOHA)
Source of classification or shelving scheme Library of Congress Classification
Koha issues (borrowed), all copies 2
Holdings
Withdrawn status Lost status Source of classification or shelving scheme Damaged status Not for loan Collection code Home library Current library Shelving location Date acquired Total Checkouts Full call number Barcode Date last seen Date checked out Copy number Price effective from Koha item type
    Library of Congress Classification     Main Collection ARRUPE LIBRARY ARRUPE LIBRARY   05/03/2013 4 KTL3800.S68 2002 46003092843 27/03/2024 28/02/2024 1 05/03/2013 Monograph ( Printed materials)
    Library of Congress Classification     Main Collection ARRUPE LIBRARY ARRUPE LIBRARY   05/03/2013 1 KTL3800.S68 2002 46003092624 20/11/2015 05/10/2015 2 05/03/2013 Monograph ( Printed materials)
    Library of Congress Classification     Main Collection ARRUPE LIBRARY ARRUPE LIBRARY   05/03/2013 1 KTL3800.S68 2002 46003092621 19/03/2019 22/02/2019 3 05/03/2013 Monograph ( Printed materials)
    Library of Congress Classification     Main Collection ARRUPE LIBRARY ARRUPE LIBRARY   05/03/2013 2 KTL3800.S68 2002 46003092618 21/01/2019 28/12/2018 4 05/03/2013 Monograph ( Printed materials)

 

Arrupe Library. PO Box MP320 Mt Pleasant, Harare, Zimbabwe
263 242 745411|librarian@aju.ac.zw